| 000 | 00640nam a22001937a 4500 | ||
|---|---|---|---|
| 999 |
_c189605 _d189605 |
||
| 005 | 20220707111238.0 | ||
| 010 | _aUR-11629 | ||
| 020 |
_a9789391238674 _c100.00 |
||
| 035 | _aU-10184 | ||
| 037 |
_bDBAD/PUB _a- |
||
| 082 | _a270 | ||
| 100 | _aعبد الطیف حید ری | ||
| 245 |
_aغبار سفر / _cعبد الطیف حید ری _hا ر د و |
||
| 246 |
_aGhubar-E-Safar / _bby Abdul Latif Haidri |
||
| 260 |
_aNew Delhi _bEducational Publishing House _c2021 ء |
||
| 270 |
_aH.o. D1/16, Ansari Road, Daryaganj _bNew Delhi _e110002 |
||
| 300 |
_a276 ص _c22cm(Hb) |
||
| 942 |
_2ddc _cUR _h270 _mع ب د |
||